Tvořivost podněcuje výkon lidí

Rozvoj tvorivého myslenia ako konkurenčná výhoda. Kreatívny prístup k pracovným úlohám môže pozitívne ovplyvniť výkonnosť ľudí. Podpora tvorivosti zamestnancov. Čo tvorivosť vnáša do práce. Kurzy na rozvoj kreativity a ich význam.

Saved in:
Bibliographic Details
Main Author: Jilemická, Jitka
Format: Book Chapter
Language:Czech
Subjects:
Tags: Add Tag
No Tags, Be the first to tag this record!

MARC

LEADER 00000naa$a2200000$$$4500
001 0055648
005 20231019113934.0
041 0 |a cze 
044 |a CZ 
245 1 0 |a Tvořivost podněcuje výkon lidí  |c Jitka Jilemická 
520 |a Rozvoj tvorivého myslenia ako konkurenčná výhoda. Kreatívny prístup k pracovným úlohám môže pozitívne ovplyvniť výkonnosť ľudí. Podpora tvorivosti zamestnancov. Čo tvorivosť vnáša do práce. Kurzy na rozvoj kreativity a ich význam. 
610 2 0 |a výkony pracovné 
610 2 0 |a kreativita 
610 2 0 |a inovácia 
100 1 |a Jilemická, Jitka